| 000 | 01096nam a22003257a 4500 | ||
|---|---|---|---|
| 001 | 000756 | ||
| 003 | DO-SdBNP | ||
| 005 | 20180212154446.0 | ||
| 007 | 000756 | ||
| 008 | 161128b 1993 sp a ||||| |||| 00| 0 spa d | ||
| 020 | _a8434827689 | ||
| 040 |
_aBPMSU _bspa _cBPMSU |
||
| 082 |
_axxxx _bxxxx |
||
| 100 | 1 |
_aBanscherus, Jürgen, _d1949- |
|
| 240 | 1 |
_aDie Eisenbahnmaus. _lEspañol |
|
| 245 | 1 | 0 |
_aEl ratón viajero / _cJürgen Banscherus ; traducción del alemán, Elsa Alfonso Mori ; ilustraciones, Olga Pérez Alonso. |
| 250 | _a4a ed. | ||
| 260 |
_aMadrid : _bSM. _c1993 |
||
| 300 |
_a93 p. : _bil. ; _c19 cm. |
||
| 490 | 1 |
_aEl barco de vapor. Serie azul _v34 |
|
| 500 | _a"A partir de 7 años" | ||
| 500 | _aIncluye datos del autor en la solapa de la contracubierta. | ||
| 500 | _aTraducción de: Die Eisenbahnmaus | ||
| 700 | 1 | 2 |
_aAlfonso Mori, Elsa, _etr. |
| 700 | 1 | 2 |
_aPérez Alonso, Olga, _eil. |
| 830 | 0 |
_aEl barco de vapor. Serie azul ; _v34 |
|
| 942 |
_2ddc _cBK |
||
| 945 | _aInventariado, 2018 / BT | ||
| 956 |
_2LOPEREZ _310 _620161128 _8BPMSU _a00041 |
||
| 999 |
_c12129 _d12129 |
||